Statistics for PGA Tour Golf Winners in 2022-23

Click here to take the quiz!

General Stats

  • This quiz has been taken 142 times
  • The average score is 26 of 47

Answer Stats

TournamentNationPlayer% Correct
Sentry Tournament of ChampionsSpainJon Rahm
97%
The American ExpressSpainJon Rahm
97%
Masters TournamentSpainJon Rahm
97%
Genesis InvitationalSpainJon Rahm
97%
The Players ChampionshipUnited StatesScottie Scheffler
93%
WM Phoenix OpenUnited StatesScottie Scheffler
93%
CJ CupNorthern IrelandRory McIlroy
86%
Genesis Scottish OpenNorthern IrelandRory McIlroy
86%
Tour ChampionshipNorwayViktor Hovland
84%
BMW ChampionshipNorwayViktor Hovland
84%
Memorial TournamentNorwayViktor Hovland
84%
US OpenUnited StatesWyndham Clark
75%
Wells Fargo ChampionshipUnited StatesWyndham Clark
75%
Shriners Children's OpenSouth KoreaTom Kim
73%
PGA ChampionshipUnited StatesBrooks Koepka
72%
Sony Open in HawaiiSouth KoreaSi-woo Kim
72%
Fortinet ChampionshipUnited StatesMax Homa
68%
Farmers Insurance OpenUnited StatesMax Homa
68%
Rocket Mortgage ClassicUnited StatesRickie Fowler
66%
The Open ChampionshipUnited StatesBrian Harman
65%
Cadence Bank Houston OpenUnited StatesTony Finau
64%
Mexico OpenUnited StatesTony Finau
64%
RBC HeritageEnglandMatt Fitzpatrick
63%
RBC Canadian OpenCanadaNick Taylor
52%
AT&T Pebble Beach Pro-AmEnglandJustin Rose
50%
WGC-Dell Technologies Match PlayUnited StatesSam Burns
46%
AT&T Byron NelsonAustraliaJason Day
45%
John Deere ClassicAustriaSepp Straka
43%
ZOZO ChampionshipUnited StatesKeegan Bradley
42%
Travelers ChampionshipUnited StatesKeegan Bradley
42%
FedEx St. Jude ChampionshipUnited StatesLucas Glover
41%
Wyndham ChampionshipUnited StatesLucas Glover
41%
Valero Texas OpenCanadaCorey Conners
37%
Charles Schwab ChallengeArgentinaEmiliano Grillo
36%
Sanderson Farms ChampionshipCanadaMackenzie Hughes
35%
Arnold Palmer InvitationalUnited StatesKurt Kitayama
33%
The Honda ClassicUnited StatesChris Kirk
32%
Butterfield Bermuda ChampionshipIrelandSeamus Power
30%
Barracuda ChampionshipUnited StatesAkshay Bhatia
25%
RSM ClassicCanadaAdam Svensson
21%
Zurich Classic of New OrleansUnited StatesNick Hardy/Davis Riley
20%
Valspar ChampionshipUnited StatesTaylor Moore
17%
Corales Puntacana ChampionshipEnglandMatt Wallace
16%
World Wide Technology ChampionshipUnited StatesRussell Henley
16%
Barbasol ChampionshipSwedenVincent Norrman
15%
3M OpenUnited StatesLee Hodges
14%
Puerto Rico OpenColombiaNico Echavarria
13%

Score Distribution

Percentile by Number Answered

Percent of People with Each Score

Your Score History

You have not taken this quiz